01121 a2200169 45000010006000000050017000060080041000230030015000640400040000790800040001192450035001592640057001943000019002515050621002701000036008917000024009274660720260407155736.0260407a1969 arg spa dAR-UNSa-BCEJYS aAR-UNSa-BCEJYSbspacAR-UNSa-BCEJYS a349.22:331.106xContrato de trabajo10aLeyes de Procedimiento Laboral 1aBuenos Aires :bEdiciones Contabilidad Modernac1969 a390 p.c26 cm. aLeyes Nacionales y de la Capital Federal: 1. Régimen judicial de la capital federal – 2. Procedimiento para la aplicación de multas – 3. Regímenes de leyes especiales – 4. Procedimiento en materia de previsión social – 5. Procedimiento ante el consejo de trabajo doméstico – 6. Tribunal nacional de relaciones profesionales – 7. Procedimientos en conflictos colectivos – 8. Disposiciones generales complementarias – 9. Jurisprudencia de los tribunales nacionales - - Leyes de la Provincia de Buenos Aires: 10. Régimen judicial – 11. Procedimiento administrativo – 12. Jurisprudencia.1 aFernández Madrid, Juan Carlos1 aPodetti, Humbero A.